Illuminating Microsoft Office XP (Record no. 196)

MARC details
000 -LEADER
fixed length control field 00438nam a22001697a 4500
005 - DATE AND TIME OF LATEST TRANSACTION
control field 20180206123945.0
008 - FIXED-LENGTH DATA ELEMENTS--GENERAL INFORMATION
fixed length control field 160428b xxu||||| |||| 00| 0 eng d
020 ## - INTERNATIONAL STANDARD BOOK NUMBER
ISBN 978-81-905560-5-7
041 ## - LANGUAGE CODE
Language code of text/sound track or separate title eng
082 ## - DEWEY DECIMAL CLASSIFICATION NUMBER
Item number 00677
Classification number 0058.36
100 ## - MAIN ENTRY--AUTHOR NAME
Personal name Monsoor, A.
245 ## - TITLE STATEMENT
Title Illuminating Microsoft Office XP
260 ## - PUBLICATION, DISTRIBUTION, ETC. (IMPRINT)
Place of publication Mathura
Name of publisher Pragya Publ. Pvt. Ltd.
Year of publication 2008
300 ## - PHYSICAL DESCRIPTION
Number of Pages 352
650 ## - SUBJECT ADDED ENTRY--TOPICAL TERM
Topical Term Information Technology
942 ## - ADDED ENTRY ELEMENTS (KOHA)
Koha item type Books
Holdings
Lost status Damaged status Collection code Home library Current library Shelving location Date acquired Cost, normal purchase price Full call number Accession Number Koha item type
    CS/IT JRU Library JRU Library SHELF-74-L 28/04/2016 175.00 00677 00677 Books
    CS/IT JRU Library JRU Library SHELF-75-L 28/04/2016 175.00   00678 Books
    CS/IT JRU Library JRU Library SHELF-74-L 28/04/2016 175.00 00677 00679 Books
    CS/IT JRU Library JRU Library SHELF-74-L 28/04/2016 175.00 00677 00680 Books